Access to the historic environment: meeting the needs of disabled people. (Record no. 92311)

MARC details
000 -LEADER
fixed length control field 00928cam a2200265 4500
008 - FIXED-LENGTH DATA ELEMENTS--GENERAL INFORMATION
fixed length control field 090401t1997 xxu||||| |||| 00| 0 eng d
020 ## - INTERNATIONAL STANDARD BOOK NUMBER
International Standard Book Number 1873394187
035 ## - SYSTEM CONTROL NUMBER
System control number (Sirsi) u48271
041 ## - LANGUAGE CODE
Language code of text/sound track or separate title eng
050 ## - LIBRARY OF CONGRESS CALL NUMBER
Classification number 725.54
100 ## - MAIN ENTRY--PERSONAL NAME
Personal name Foster, Lisa
245 ## - TITLE STATEMENT
Title Access to the historic environment: meeting the needs of disabled people.
260 ## - PUBLICATION, DISTRIBUTION, ETC.
Place of publication, distribution, etc. Donhead St. Mary, Dorset
Name of publisher, distributor, etc. Donhead Publishing
Date of publication, distribution, etc. 1997
300 ## - PHYSICAL DESCRIPTION
Extent xi,124p. : ill. ; 22x20cm.
350 ## - PRICE (NR) (BK AM CF MU VM SE) [OBSOLETE]
Price 32
520 ## - SUMMARY, ETC.
Summary, etc. Looks at ways of solving the problems of access for wheelchair users and other disabled people to historic buildings and sites.
650 ## - SUBJECT ADDED ENTRY--TOPICAL TERM
Topical term or geographic name entry element DISABILITY DISCRIMINATION ACT 1995
650 ## - SUBJECT ADDED ENTRY--TOPICAL TERM
Topical term or geographic name entry element MANAGEMENT-BUSINESS MANAGEMENT-DISCRIMINATION-DISABILITY DISCRIMINATION-ACCESSIBILITY
650 ## - SUBJECT ADDED ENTRY--TOPICAL TERM
Topical term or geographic name entry element DISABLED PEOPLE
650 ## - SUBJECT ADDED ENTRY--TOPICAL TERM
Topical term or geographic name entry element HISTORIC BUILDINGS
650 ## - SUBJECT ADDED ENTRY--TOPICAL TERM
Topical term or geographic name entry element LISTED BUILDINGS
690 ## - LOCAL SUBJECT ADDED ENTRY--TOPICAL TERM (OCLC, RLIN)
Topical term or geographic name as entry element CONSERVATION
942 ## - ADDED ENTRY ELEMENTS (KOHA)
Suppress in OPAC 0
948 ## - LOCAL PROCESSING INFORMATION (OCLC); SERIES PART DESIGNATOR (RLIN)
c (OCLC) 04/03/1997
Holdings
Withdrawn status Lost status Source of classification or shelving scheme Damaged status Not for loan Home library Current library Shelving location Date acquired Cost, normal purchase price Total Checkouts Full call number Barcode Date last seen Date last checked out Copy number Cost, replacement price Price effective from Koha item type
    Dewey Decimal Classification     London London Books 14/09/1999 32.00 16 725.54 30052456 06/08/2019 17/09/2009 1 32.00 06/08/2019 Book